Văn học Việt Nam thế kỷ XX :
Zapisane w:
| 1. autor: | |
|---|---|
| Format: | Książka |
| Język: | Undetermined |
| Wydane: |
Hà Nội
Văn Học
2010
|
| Hasła przedmiotowe: | |
| Etykiety: |
Dodaj etykietę
Nie ma etykietki, Dołącz pierwszą etykiete!
|
| Thư viện lưu trữ: | Trung tâm Học liệu Trường Đại học Cần Thơ |
|---|
| LEADER | 00645nam a2200205Ia 4500 | ||
|---|---|---|---|
| 001 | CTU_167797 | ||
| 008 | 210402s9999 xx 000 0 und d | ||
| 082 | |a 895.92208 | ||
| 082 | |b L305/Q.4-T.5 | ||
| 100 | |a Mai, Quốc Liên | ||
| 245 | 0 | |a Văn học Việt Nam thế kỷ XX : | |
| 245 | 0 | |c Mai Quốc Liên (chủ biên) | |
| 260 | |a Hà Nội | ||
| 260 | |b Văn Học | ||
| 260 | |c 2010 | ||
| 650 | |a Vietnamese literature,Văn học Việt Nam | ||
| 650 | |x History and criticism,Thơ ca | ||
| 650 | |y 20th century,Thế kỷ 20 | ||
| 910 | |a Nguyên | ||
| 980 | |a Trung tâm Học liệu Trường Đại học Cần Thơ | ||